banner-ar

ATLAS OF BENIGN GYNECOLOGIC AND OBSTETRIC SURGERY / (Record no. 25504)

MARC details
000 -الفاتح
حقل البيانات ثابتة الطول 00528nam a2200205Ia 4500
008 - عناصر البيانات ثابتة الطول - معلومات عامة
حقل البيانات ثابتة الطول 140319s9999 xx 000 0 eng d
040 ## - مصدر الفهرسة
وكالة الفهرسة الأصلية GCL /
وكالة النسخ GCL
082 04 - رقم تصنيف ديوى العشرى
رقم التصنيف 618.1059
رقم المادة S A
100 1# - المدخل الرئيسى - إسم شخصى
الإسم الشخصى LING, FRANK W.
245 10 - بيان العنوان
العنوان ATLAS OF BENIGN GYNECOLOGIC AND OBSTETRIC SURGERY /
بيان المسئوليه,etc LING, FRANK W.
700 1# - المدخل الاضافى - اسم شخصى
الإسم الشخصى STOVALL, THOMAS G
260 ## - PUBLICATION, DISTRIBUTION, ETC. (IMPRINT)
تاريخ النشر أو التوزيع 1995
300 ## - الوصف المادى
التعداد 326
650 04 - المدخل الاضافى بالموضوع-مصطلح موضوعى
مصطلح موضوعي PREGNANCY
650 04 - المدخل الاضافى بالموضوع-مصطلح موضوعى
مصطلح موضوعي SURGERY
650 04 - المدخل الاضافى بالموضوع-مصطلح موضوعى
مصطلح موضوعي GYNECOLOGY
650 04 - المدخل الاضافى بالموضوع-مصطلح موضوعى
مصطلح موضوعي OBSTETRICS
942 ## - عناصر المدخل الإضافي( كوها)
مصدر التصنيف او مخطط الترفيف Dewey Decimal Classification
Koha [default] item type كتاب
260 ## - PUBLICATION, DISTRIBUTION, ETC. (IMPRINT)
-- [S.N] :
-- MOSBY-WOLFE ،
Holdings
حالة التراجع حالة الفقد حالة تلف ليس للاعارة المكان المؤقت الموقع الحالى تاريخ الاكتساب اجمالي اﻻعارات رقم الطلب الباركود تاريخ اخر مشاهدة تاريخ تفعيل السعر نوع وعاء كوها
        مكتبة القاهرة الكبرى مكتبة القاهرة الكبرى 03/26/2014   618.1059\S A 44917 03/26/2014 03/26/2014 كتاب

Powered By

EGPV